A terek idegenforgalmi vonzereje, megjelenésük Budapest turisztikai kínálatában

Bibliographic Details
Main Author: Mandrik Gabriella
Other Authors: Jusztin Dr. Márta
Format: Thesis
Kulcsszavak:Kulturális turizmus
Örökségturizmus
Városimázs
Turisztikai attrakció
budapesti terek
Online Access:http://dolgozattar.uni-bge.hu/2854

MARC

LEADER 00000nta a2200000 i 4500
001 dolg2854
005 20150917102536.0
008 150513suuuu hu om 000 hun d
040 |a BGE Dolgozattár Repozitórium  |b hun 
041 |a hu 
100 1 |a Mandrik Gabriella 
245 1 2 |a A terek idegenforgalmi vonzereje, megjelenésük Budapest turisztikai kínálatában  |c Mandrik Gabriella  |h [elektronikus dokumentum] 
695 |a Kulturális turizmus 
695 |a Örökségturizmus 
695 |a Városimázs 
695 |a Turisztikai attrakció 
695 |a budapesti terek  
700 1 |a Jusztin Dr. Márta  |e ths 
856 4 0 |u http://dolgozattar.uni-bge.hu/2854/1/Mandrik_Gabriella_Szakdolgozat_Javi%CC%81tott.pdf  |z Dokumentum-elérés